|
|
|
|
| LEADER |
00000nab a2200000 a 4500 |
| 001 |
vtls000169622 |
| 003 |
SK-MaSNL |
| 005 |
20260303210756.0 |
| 008 |
111104c1983 xo 0 slo |
| 015 |
|
|
|a SNBRB19rr/mm-uuuuu
|
| 035 |
|
|
|a CL0179733
|
| 040 |
|
|
|a SNKBUCL
|b slo
|c SNKBUCL
|e AACR2
|
| 041 |
0 |
|
|a slo
|
| 044 |
|
|
|a xo
|c SK
|
| 080 |
|
|
|a 331.81
|2 1981
|
| 080 |
|
|
|a 1 100.572.9
|2 1981
|
| 100 |
1 |
|
|a Podhradský, Ján,
|d 1931-2003
|4 aut
|9 221393
|
| 245 |
1 |
0 |
|a Chválim ťa, čas
|c Ján Podhradský
|
| 300 |
|
|
|b Obr. 1.
|
| 650 |
0 |
7 |
|a voľný čas
|2 snkbucl
|9 3355
|
| 650 |
0 |
7 |
|a pracovný čas
|2 snkbucl
|9 2339
|
| 655 |
|
7 |
|a články z novín a časopisov
|2 snkbucl
|9 267496
|
| 773 |
0 |
|
|t Nedeľná Pravda
|g Roč. 16, č. 46 (1983), s. 4 a 5
|
| 850 |
|
|
|a Slovenská národná knižnica v Martine
|a MTA001
|
| 852 |
|
|
|a SNK
|b KIS3GCP
|
| 958 |
|
|
|a RK
|
| 992 |
|
|
|a RBX
|
| 999 |
|
|
|c 2201612
|d 2203542
|